00937cam a22002411 4500001001300000003000400013005001700017008004100034010001700075035002000092040002500112042001200137050002200149245008000171260005900251300001800310490009400328500004000422500004600462700004500508700005100553810009100604ca 18001598 DLC20260227111108.0880622s1903 pl 000 0 pol  aca 18001598  a(OCoLC)18123280 aDLCcMiDWdMiDWdDLC apremarc00aAC60b.B47 nr. 4500aSejm piekielny.bSatyra obyczajowa (1622 r.)cWydał Aleksander Brückner. aKraków,bNakładem Akademii umiejętności,c1903. a76 p.c21 cm.1 aWydawnictwa Akademii umiejętności w Krakowie. Biblioteka pisarzów polskich,vnr. 45 aWith reproduction of original t.-p. aAttributed by Orgelbrand to Jan Borawski.1 aBrückner, Aleksander,d1856-1939,eed.1 aBorawski, Jan,dactive 1620,esupposed author.2 aPolska Akademia Umiejętności, Kraków.tBiblioteka pisarzów polskich ;vno. 45.